Alternatívne prístupy k strategickému rozhodovaniu

Vymedzenie a identifikácia špecifík strategických procesov a strategického rozhodovania z pozície racionálneho prístupu, behaviorálneho prístupu a externej determinovanosti.

Salvato in:
Dettagli Bibliografici
Autore principale: Udodik, Viktor
Natura: Capitolo di libro
Lingua:slovacco
Soggetti:
Tags: Aggiungi Tag
Nessun Tag, puoi essere il primo ad aggiungerne!!

MARC

LEADER 00000naa$a2200000$$$4500
001 0072811
005 20230908101310.7
041 0 |a slo 
044 |a SK 
245 1 0 |a Alternatívne prístupy k strategickému rozhodovaniu  |c Viktor Udodik 
520 |a Vymedzenie a identifikácia špecifík strategických procesov a strategického rozhodovania z pozície racionálneho prístupu, behaviorálneho prístupu a externej determinovanosti. 
610 2 0 |a riadenie strategické 
610 2 0 |a procesy rozhodovacie 
610 2 0 |a rozhodovanie strategické 
610 2 0 |a funkcie riadenia 
610 2 0 |a manažment 
610 2 0 |a riadenie operatívne 
100 1 |a Udodik, Viktor